000 00441nam a2200193Ia 4500
005 20240823033306.0
008 240823s9999||||xx |||||||||||||| ||und||
020 _a978-81-8493-416-8
041 _aENGLISH
082 _A153.8 Q0
100 _aSoma Valliappan
245 0 _aThallu Motivation
250 _a1st
260 _c2010
_bKizhakku Pathi
500 _aYES
650 _aTamil Books
_bGeneral
942 _cBK
999 _c195465
_d195465